Datum a čas kvízu
28
Celkem bodů
Celkový počet nahraných bodů na tomto kvízu bez doplňovacích otázek.
10.
Pořadí na kvízu
Konečné umístění týmu na tomto kvízu.
Zaznamenané odpovědi
| # | Otázka | Odpověď | Body | Výsledky |
|---|---|---|---|---|
| 1. | Starosta jedné městské části T... | v Brně | 0 | |
| 2. | Ve čtvrtek jsme se dozvěděli,... | Katy Perry | 1 | |
| 3. | Na jezeře v Mostě padl minulý... | C) otužovaly se | 0 | |
| 4. | Jak se nazývá nová platforma,... | Oneplay | 1 | |
| 5. | Jeden známý fotbalista dostal... | Lionel Messi | 1 | |
| 6. | Jak zní oficiální anglický náz... | Montenegro | 0 | |
| 7. | Na okraji obce ve Zlínském kra... | Modrá | 1 | |
| 8. | Která známá historická osobnos... | Adolf Hitler | 1 | |
| 9. | Jak se jmenuje národní park, v... | Yellowstonský národní park | 0 | |
| 10. | Jak se nazývá německé pohoří,... | Černý les (Schwarzwald) | 1 |